01164nam a2200241Ia 4500001000600000003000900006008004100015040001300056040001300069041001300082100002300095100002900118245001300147245001300160250001100173260001100184260001500195260004900210300005700259500054700316650002800863650003100891G6462IT-RoPAU130308s9999 xx 000 0 und d aIT-RoPAU cIT-RoPAU aITALIANO aSpanu Massimiliano gCodice Aut. SPICS: 50165 aJohn Woo bJohn Woo a1a ed. aMILANO bIl Castoro c2001 [1° Ed.:2001 - Ed.Ling.Originale:2001] a"160 p. (prefazione: no ; testo: 160 [pagine: 0-0])" aVita e Opere del regista John Woo, nato nel 1946 a Guangzhou in Cina. I Suoi Film Sono Sinonimo di Energia, Vibrazione, flusso Inarrestabile. Ha Sdoganato Il Cinema Asiatico di Gangster e di Azione a Hollywood. Povertà, Commedie, Teatro: Dalla Tradizione Alla Nouvelle Vague. Il Denaro è tutto Ma Non nel Cinema. Gli Eroi Non Spargono Lacrime Ne' Hanno Occhi per Vedere. Ha Diretto tra gli Altri: The Killer (1989), Nome in Codice: Broken Arrow (1996), Face/Off (1997), Mission Impossible 2 (2000). Filmografia. Videografia. Bibliografia. aAUTORI/OPERE DEL CINEMA eCodice materia Spics: 6807